[Event "HUN-chT3"]
[Site "Hungary"]
[Date "1994.??.??"]
[Round "?"]
[White "Mate, Balazs"]
[Black "Koeves, Mihaly"]
[Result "0-1"]
[WhiteElo "1725"]
[BlackElo "2015"]
[PlyCount "37"]
[EventDate "1994.??.??"]
[EventType "team-tourn"]
[EventRounds "9"]
[EventCountry "HUN"]
[SourceTitle "EXT 2001"]
[Source "ChessBase"]
[SourceDate "2000.11.22"]
[SourceVersion "1"]
[SourceVersionDate "2000.11.22"]
[SourceQuality "1"]

1. e4 c5 2. Nf3 d6 3. d4 cxd4 4. Nxd4 Nf6 5. Nc3 a6 6. a4 b6 7. f4 Bb7 8. Bd3 Nbd7 9. b4 Qc7 10. Bd2 e5 11. Nde2 d5 12. Nxd5 Bxd5 13. fxe5 Nxe4 14. Nf4 Bb7 15. e6 fxe6 16. Qh5+ Ke7 17. Rf1 Qe5 18. Qxe5 Nxe5 19. 0-0-0 0-1